La mirada cualitativa en sociología : una aproximación interpretativa /

En este libro se exponen una seia de procesos sociales y resortes comunicativos que construyen las bases teóricas para el uso del grupo de discusión, la entrevista abierta y, en general, el análisis abierto de los discursos como dispositivos de investigación social. Por esta línea y desde una orient...

Full description

Bibliographic Details
Main Author: Alonso Benito, L. E. (Luis Enrique)
Format: Libro
Language:Spanish
Published: Madrid Fundamentos 2003
Edition:2a. ed.
Series:Colección ciencia
Subjects:
Online Access:

MARC

LEADER 00000cam a2200000 a 4500
001 003440
003 UAHC_CL
005 20170803115934.0
008 080415s2003 sp 000 spa
020 |a 8424507762 
040 |a UAHC_CL  |c UAHC_CL  |d UAHC_CL 
082 0 4 |a 301.072  |b A454  |2 21 
100 1 |a Alonso Benito, L. E.  |q (Luis Enrique) 
245 1 3 |a La mirada cualitativa en sociología :  |b una aproximación interpretativa /  |c Luis Enrique Alonso. 
250 |a 2a. ed. 
260 |b Fundamentos  |a Madrid  |c 2003 
300 |a 268 p. 
490 0 |a Colección ciencia 
520 |a En este libro se exponen una seia de procesos sociales y resortes comunicativos que construyen las bases teóricas para el uso del grupo de discusión, la entrevista abierta y, en general, el análisis abierto de los discursos como dispositivos de investigación social. Por esta línea y desde una orientación abiertamente pluralista, niveles y formaciones de la realidad social que se investiga, destacando el carácter complementario de las prácticas de inspiración cualitativa con las técnicas de filiación cuantitativa. 
521 |a Investigación en educación 
650 4 |a INVESTIGACION SOCIOLOGICA 
650 4 |a SOCIOLOGIA  |x METODOLOGIA 
653 |a MAGISTER EN EDUCACION 
658 |a Bazán, Domingo 
658 |a González, Loreto 
900 |a 301.072 ALO 
942 |c BK 
952 |0 0  |1 0  |4 0  |6 301_072000000000000_ALO  |7 0  |8 General  |9 7620  |a BC  |b BC  |c General  |d 2017-08-03  |l 0  |o 301.072 ALO  |p 1362415  |r 2026-01-07 00:00:00  |t 1  |w 2017-08-03  |y BK 
952 |0 0  |1 0  |4 0  |6 301_072000000000000_ALO  |7 0  |8 General  |9 7621  |a BC  |b BC  |c General  |d 2017-08-03  |l 4  |m 4  |o 301.072 ALO  |p 1362416  |r 2026-01-07 00:00:00  |s 2025-06-06  |t 2  |w 2017-08-03  |y BK 
952 |0 0  |1 0  |4 0  |6 301_072000000000000_ALO  |7 0  |8 General  |9 7622  |a BC  |b BC  |c General  |d 2017-08-03  |l 0  |o 301.072 ALO  |p 1362417  |r 2026-01-07 00:00:00  |t 3  |w 2017-08-03  |y BK 
999 |c 3440  |d 3440